| 000 | 00361nam a22001577a 4500 | ||
|---|---|---|---|
| 003 | CEME | ||
| 005 | 20210628202408.0 | ||
| 008 | 210302b xxu||||| |||| 00| 0 eng d | ||
| 040 | _c. | ||
| 082 | _a669.142 STA | ||
| 100 |
_aMelilli, A.S _959747 |
||
| 245 | _aStainless steel castings | ||
| 260 |
_aNEW YORK _bASTM _c1982 |
||
| 300 | _a443P | ||
| 942 |
_cBK _2ddc |
||
| 999 |
_c569650 _d569650 |
||